Catalog

Record Details

Catalog Search



The forgotten / by Elie Wiesel ; translated by ... Read More

Available copies

  • 2 of 2 copies available at LARL/NWRL Consortium.
  • 2 of 2 copies available at Northwest Regional Library. (Show)

Current holds

0 current holds with 2 total copies.

Show Only Available Copies
Location Call Number / Copy Notes Barcode Shelving Location Status Due Date
Thief River Falls Public Library WIE (Text) 35500001417961 Main Available -
Warroad Public Library WIE (Text) 35500001417805 Main Available -

Record details

  • ISBN: 0671689703 :
  • Physical Description: 237 p. ; 25 cm.
  • Publisher: New York : Summit Books, c1992.

Content descriptions

General Note:
Translation of: L'oublié.
Subject: Fathers and sons > Fiction.
LDR 01067cam a2200277Ia 4500
00110470
003LARL_NWRL_CONSORTIUM
00519920814145552.0
008911216s1992 nyu 000 1 eng
010 . ‡a91046826 //r92
020 . ‡a0671689703 : ‡c$21.00
035 . ‡a(OCoLC)25049022
040 . ‡aDLC ‡cDLC ‡dOCL ‡dNRM ‡dCLE ‡dCSP
0411 . ‡aeng ‡hfre
08200. ‡a843/.914 ‡220
099 . ‡aWie
1001 . ‡aWiesel, Elie, ‡d1928- ‡0(LARL_NWRL_CONSORTIUM)2165
24514. ‡aThe forgotten / ‡cby Elie Wiesel ; translated by Stephen Becker.
260 . ‡aNew York : ‡bSummit Books, ‡cc1992.
300 . ‡a237 p. ; ‡c25 cm.
500 . ‡aTranslation of: L'oublié.
650 0. ‡aFathers and sons ‡vFiction. ‡0(LARL_NWRL_CONSORTIUM)164946
901 . ‡a10470 ‡bOCLC ‡c10470 ‡tbiblio

Additional Resources